United Nations of ...New York? Quiz Stats

 Plays Quiz not verified by Sporcle

Score 0/15 Timer 04:00
0 Plays Today
Location of 'Town' Country % Correct
Oswego County -Town & VillageMexico
71.2%
Yates County -TownItaly
70.6%
Manhattan -NeighborhoodChina (Chinatown)
66.7%
Herkimer County -TownRussia
65.4%
Monroe County -TownGreece
62.1%
Herkimer County -Town & VillagePoland
57.5%
Monroe County -TownSweden
55.6%
Herkimer County -TownNorway
50.3%
Location of 'Town' Country % Correct
Queens -NeighborhoodJamaica
47.1%
Monroe County -HamletEgypt
46.4%
Lewis County -TownDenmark
45.1%
Allegany County -Town & VillageCuba
39.9%
Clinton County -TownPeru
36.6%
Onondaga County -VillageJordan
16.3%
Erie County -VillageAngola
11.1%

You're not logged in!

Compare scores with friends on all Sporcle quizzes.
OR
Log In

Show Comments

Extras

Top Quizzes Today


Score Distribution

Your Account Isn't Verified!

In order to create a playlist on Sporcle, you need to verify the email address you used during registration. Go to your Sporcle Settings to finish the process.

Report this User

Report this user for behavior that violates our Community Guidelines.

Details: